000
00342 a2200157 4500
001
58616
020
_a
8534703604
040
_c
Anchieta - Pituba
100
_a
Felisberto, Fernanda
240
1
0
_a
Terras de palavras
_l
por
245
1
0
_a
Terras de palavras
300
_a
169
362
0
_a
2004
650
4
_a
Ficção brasileira
942
_c
BK
999
_c
58616
_d
58616